000 00503cam a2200205ua 4500
020 _c1.25
041 _aeng
_h
082 _a547
_bAST/OR
100 _aAstle, Melvin J .
245 _aOrganic chemistry /
_cMelvin J Astle.
_hTextual Documents
250 _a2 /
_b.
260 _aCalcutta :
_bOxford & IBH Publishing company ,
_c1959.
300 _a771 ; .
365 _a1.25
504 _a
700 1 _aShelton, Reid J .
942 _cBK
999 _c9354
_d9354